English Dictionary Anagram Quiz - Statistics

General Stats
  • This quiz has been taken 15 times
  • The average score is 21 of 50
Answer Stats
Anagram Answer % Correct
Wolf Flow
100%
Name Mean
100%
Meats Steam
100%
Nails Snail
92%
March Charm
83%
Meal Male
83%
Rome More
83%
Dune Nude
83%
Care Race
83%
My mum Mummy
75%
Elbow Below
67%
Robed Bored
67%
Recount Counter
67%
Tones Stone
67%
Elvis Lives
58%
Thing Night
58%
State Taste
58%
Wake Weak
58%
Fried Fired
50%
Sonless Lessons
50%
Lament Mental
42%
Reprint Printer
42%
Lovers Solver
42%
Desserts Stressed
42%
Retrain Terrain
42%
Rat pen Parent
33%
Plate Petal
33%
Viewers Reviews
33%
Listen Silent
33%
T.S. Eliot Toilets
33%
Conservation Conversation
25%
Cautioned Education
25%
Canoe Ocean
25%
Paris Pairs
25%
Net rod Rodent
25%
Swear oft Software
25%
Reaction Creation
17%
Players Parsley
17%
Mutilate Ultimate
17%
Admirer Married
8%
Integrals Triangles
8%
Nyce star Ancestry
0%
Care is noted Considerate
0%
A nolo time Emotional
0%
Tope ear Operate
0%
Raal post Pastoral
0%
Runs a treat Restaurant
0%
Enlistment Settlement
0%
Declines Silenced
0%
Ripe sand Sprained
0%
No matching quizzes found
Score Distribution
Percent of People with Each Score
Percentile by Number Answered
Your Score History
You have not taken this quiz